| 000 | 01454nam0a2200361 4500 | ||
|---|---|---|---|
| 001 | RU\NLR\BIBL_A\011989266 | ||
| 005 | 20190429151416.0 | ||
| 010 | _a978-5-9710-6028-4 | ||
| 021 |
_aRU _bКН-П-19-020654 _9КН-П-19-1549 |
||
| 035 | _a(NLR Aleph) 011989266 | ||
| 035 | _a(RuMoRGB)009929398 | ||
| 090 |
_a11349205 _c11349205 |
||
| 100 | _a20190415d2019 u y0rusy50 ca | ||
| 101 | 0 | _arus | |
| 102 | _aRU | ||
| 105 | _aa|||z|||000zy | ||
| 200 | 1 |
_aОсновные понятия алгебры _fИ.Р. Шафаревич _gнаучный редактор: академик РАН Р.В. Гамкрелидзе |
|
| 205 | _aИзд. 3-е, испр. | ||
| 210 |
_aМосква _cURSS _cЛЕНАНД _d2019 |
||
| 215 |
_a403 с. _cил., табл. _d22 |
||
| 300 | _aНа 4-й с. обл. авт.: И.Р. Шафаревич, математик, д.ф.-м.н., проф., акад. АН СССР и РАН | ||
| 313 | _a2-е изд. 2001г. | ||
| 320 | _aБиблиогр.: с. 385-391 | ||
| 320 | _aИмен. указ.: с. 392-394 | ||
| 320 | _aПредм. указ.: с. 395-403 | ||
| 606 | 1 |
_aАлгебра _2nlr_sh1 _2nlr_sh2 _3RU\NLR\AUTH\6619328 |
|
| 686 | 1 | _aВ15 | |
| 700 | 1 |
_aШафаревич _bИ. Р. _f1923-2017 _gИгорь Ростиславович _3RU\NLR\AUTH\773318 |
|
| 942 | _cBOOK | ||
| 980 | _aNBR | ||
| 980 | _aNB | ||